| 000 | 00561nam a2200205Ia 4500 | ||
|---|---|---|---|
| 003 | OSt | ||
| 005 | 20240711130432.0 | ||
| 008 | 210719s1996 xx 000 0 und d | ||
| 040 | _cAL | ||
| 041 | _aKonkani | ||
| 082 | _a891.464 KONK | ||
| 100 |
_aKONKNI SAMSTHO, Sa. Luvis Kolej _9173143 |
||
| 245 | _aKonkani dayj. | ||
| 260 |
_aManglur. _bKonkni Samstho, Sa. Luvis Kolej., _c1996 |
||
| 300 |
_a142 _bPB |
||
| 365 |
_b25 _cRs |
||
| 650 |
_aKonkani Literature _9173144 |
||
| 906 | _aKonkani Language Konkani Literature Konkani History | ||
| 942 |
_2ddc _cBK |
||
| 999 |
_c213256 _d213256 |
||